|
|
|
|
| LEADER |
00980nta a2200217 i 4500 |
| 001 |
dipl133313 |
| 005 |
20230417105936.0 |
| 008 |
230414s2002 hu om 0|| bul d |
| 040 |
|
|
|a SZTE Diploma Repozitórium
|b hun
|
| 041 |
|
|
|a bul
|
| 100 |
1 |
|
|a Baunok Helga
|
| 245 |
1 |
0 |
|a Някои черти на старобългарската и староруската ораторска проза
|h [elektronikus dokumentum] :
|b Климент Охридски и Кирил Туровски /
|c Helga Baunok
|
| 246 |
1 |
0 |
|a Az óbolgár és az óorosz szónoki próza néhány vonása : Kliment Ohridszki és Kirill Turovszkij
|h [elektronikus dokumentum]
|
| 260 |
|
|
|c 2002
|
| 650 |
|
4 |
|a Bölcsészettudományok
|
| 650 |
|
4 |
|a Humanities
|
| 650 |
|
4 |
|a Languages and Literature
|
| 650 |
|
4 |
|a General language studies
|
| 650 |
|
4 |
|a General literature studies
|
| 700 |
1 |
|
|a Ferincz István
|e ths
|
| 856 |
4 |
0 |
|u https://diploma.bibl.u-szeged.hu/id/eprint/133313/1/2002_baunok_helga.pdf
|z Dokumentum-elérés
|